| 000 -ლიდერი |
| ფიქსირებული სიგრძის საკონტროლო ველი |
01480nam a2200289Ia 4500 |
| 001 - საკონტროლო ნომერი |
| საკონტროლო ველი |
3887 |
| 003 - საკონტროლო ნომრის იდენტიფიკატორი |
| საკონტროლო ველი |
GE_BSU |
| 005 - ბოლო ოპერაციის თარიღი და დრო |
| საკონტროლო ველი |
20190820163027.0 |
| 008 - ფიქსირებული სიგრძის მონაცემთა ელემენტები - ზოგადი ინფორმაცია |
| ფიქსირებული სიგრძის საკონტროლო ველი |
181216s1983||||ge |||||||||||||| ||geo|| |
| 040 ## - კატალოგიზაციის წყარო |
| Transcribing agency |
GE_BSU |
| 041 ## - ენის კოდი |
| Language code of text/sound track or separate title |
geo |
| 080 ## - უნივერსალური ათობითი კლასიფიკაციის ინდექსი |
| Universal Decimal Classification number |
1(430)(092)+111 მ–29 |
| 100 ## - მთავარი ჩანაწერი - პიროვნების სახელი |
| Personal name |
მარგველაშვილი, გ. |
| 9 (RLIN) |
3702 |
| 245 ## - ცნობა სათაურის შესახებ |
| Title |
ფინალობის პრობლემა ნიკოლაი ჰარტმანისა და მარტინ ჰაიდეგერის ონტოლოგიებში / |
| Statement of responsibility, etc |
რედ. ნ. ნათაძე; საქ. სსრ მეცნ. აკად. ფილოსოფიის ინ–ტი. |
| 264 ## - წარმოების, გამოცემის, დისტრიბუციის და სხვა ცნობები |
| გამოცემის, წარმოების, დისტრიბუციის... ადგილი |
თბ. : |
| გამოცემის, წარმოების, დისტრიბუციის... სახელწოდება |
მეცნიერება, |
| გამოცემის, წარმოების, დისტრიბუციის... თარიღი |
1983. |
| 300 ## - ფიზიკური აღწერა |
| Extent |
274 გვ. ; |
| Other physical details |
22 სმ. |
| 504 ## - BIBLIOGRAPHY, ETC. NOTE |
| Bibliography, etc |
ბიბლიოგრ. ტექსტის შენიშვნებში. |
| 520 ## - SUMMARY, ETC. |
| Summary, etc |
რეზ. რუს. და გერმ. ენებზე. |
| 600 ## - SUBJECT ADDED ENTRY--PERSONAL NAME |
| Personal name |
ჰარტმანი ნიკოლაი |
| 9 (RLIN) |
3697 |
| 600 ## - SUBJECT ADDED ENTRY--PERSONAL NAME |
| Personal name |
ჰაიდეგერი მარტინ |
| 9 (RLIN) |
3703 |
| 653 ## - INDEX TERM--UNCONTROLLED |
| Uncontrolled term |
ჰარტმანი ნიკოლაი |
| 653 ## - INDEX TERM--UNCONTROLLED |
| Uncontrolled term |
ჰაიდეგერი მარტინ |
| 653 ## - INDEX TERM--UNCONTROLLED |
| Uncontrolled term |
ონტოლოგია |
| 700 ## - ADDED ENTRY--PERSONAL NAME |
| Personal name |
ნათაძე, ნ. |
| Relator term |
რედაქტორი |
| 9 (RLIN) |
3704 |
| 710 ## - ADDED ENTRY--CORPORATE NAME |
| Corporate name or jurisdiction name as entry element |
საქ. სსრ მეცნ. აკად., ფილოს. ინ-ტი. |
| 9 (RLIN) |
3594 |
| 942 ## - ADDED ENTRY ELEMENTS (KOHA) |
| Koha item type |
წიგნი |
| Source of classification or shelving scheme |
|